Stolice świata na literę A(Quiz na mapie) - Statystyki

Ogólne statystyki
  • Ten quiz został rozwiązany 65 razy
  • Średni wynik to 12 z 16
Odpowiedzi na mapie
Odpowiedzi zakodowano w zielono-czerwonej skali na mapie do tego quizu, zgodnie z poniższymi procentami.
 
Statystyki odpowiedzi
Stolica % Poprawnych
Amsterdam
98%
Astana
93%
Andora
91%
Ankara
91%
Ateny
91%
Algier
87%
Abu Zabi
83%
Antananarywa
80%
Abudża
67%
Addis Abeba
67%
Asunción
67%
Amman
65%
Akra
61%
Aszchabad
59%
Asmara
50%
Apia
46%
Nie znaleziono quizów pasujących do podanych kryteriów
Rozkład punktacji
Procent ludzi z każdym wynikiem
Percentyl według liczby udzielonych odpowiedzi
Twoja historia wyników
Nie rozwiązałeś tego quizu